logo

Bir Sreshtho Munshi Abdur Rouf Library
Jhenaidah Cadet College

The Lark in The Morn / (Record no. 6723)

MARC details
000 -LEADER
fixed length control field 00553nam a2200217 a 4500
001 - CONTROL NUMBER
JCCL Control Number 6723
003 - CONTROL NUMBER IDENTIFIER
JCCL marc code BD-JhCC
005 - DATE AND TIME OF LATEST TRANSACTION
control field 20211007134021.0
008 - FIXED-LENGTH DATA ELEMENTS--GENERAL INFORMATION
fixed length control field 180129s1959 e a|||| || | 000 0 eng d
035 ## - SYSTEM CONTROL NUMBER
system control number (BD-JhCC)6723
040 ## - CATALOGING SOURCE
Original cataloging agency BD-JhCC
Modifying agency BD-JhCC
041 ## - LANGUAGE CODE
Language code of Book eng
082 ## - DEWEY DECIMAL CLASSIFICATION NUMBER
Classification number 823.914
Author mark and Year VIP 1959
100 ## - MAIN ENTRY--PERSONAL NAME
Personal name Vipont, Elfrida
245 ## - TITLE STATEMENT
Title The Lark in The Morn /
Statement of responsibility, etc Elfrida Vipont,
260 ## - PUBLICATION, DISTRIBUTION, ETC. (IMPRINT)
Place of publication, distribution, etc London :
Name of publisher, distributor, etc Oxford University Press,
Date of publication, distribution, etc 1959
300 ## - PHYSICAL DESCRIPTION
Pagination 201 p. :
Dimensions 20 cm.
650 ## - SUBJECT ADDED ENTRY--TOPICAL TERM
Topical term or geographic name as entry element Children's Stories
942 ## - ADDED ENTRY ELEMENTS (KOHA)
Source of classification or shelving scheme Dewey Decimal Classification
Koha item type Books
Koha issues (borrowed), all copies 1
Holdings
Source of classification or shelving scheme Damaged status Not for loan Home library Current library Shelving location Date of accession Total Checkouts Full call number Barcode Date last seen Date checked out Copy number Koha item type
Dewey Decimal Classification     JCC Rouf Library JCC Rouf Library General Stacks 01/29/2018 2 823.914 VIP 1959 8951 12/12/2024 11/18/2024 C-1 Books

JCC Library | Contacts | JCC Home

Last Update on 23 September 2017
Copyright @ 2017-2020 JCC Rouf Library
Rouf Library, Jhenidah Cadet College (JCC), Bangladesh